Nuôi cấy mô tế bào thực vật : Nghiên cứu và ứng dụng

में बचाया:
ग्रंथसूची विवरण
मुख्य लेखक: Nguyễn, Đức Thành
स्वरूप: पुस्तक
भाषा:Undetermined
प्रकाशित: Hà Nội Nông Nghiệp 2000
विषय:
टैग : टैग जोड़ें
कोई टैग नहीं, इस रिकॉर्ड को टैग करने वाले पहले व्यक्ति बनें!
Thư viện lưu trữ: Trung tâm Học liệu Trường Đại học Cần Thơ
LEADER 00666nam a2200217Ia 4500
001 CTU_39377
008 210402s9999 xx 000 0 und d
082 |a 581.0724 
082 |b Th107 
100 |a Nguyễn, Đức Thành 
245 0 |a Nuôi cấy mô tế bào thực vật : 
245 0 |b Nghiên cứu và ứng dụng 
245 0 |c Nguyễn Đức Thành 
260 |a Hà Nội 
260 |b Nông Nghiệp 
260 |c 2000 
526 |a Nuôi cấy mô Thực vật 
526 |b TN340 
650 |a Cell culture,Tissue culture 
904 |i Qhieu 
980 |a Trung tâm Học liệu Trường Đại học Cần Thơ